000 00765nam a22002297a 4500
005 20250519114735.0
008 230313b mx ||||| |||| 00| 0 spa d
050 0 4 _aPQ7298.419.R53
_bA6 2021
050 0 4 _aPQ7298.19.R53
_bA6 2021
100 1 _4Iriarte Méndez Juan
245 1 0 _aCuentos y relatos
_c / Juan Iriarte Méndez
250 _a1a ed.
260 _aMorelia :
_bH. Ayuntamiento de Morelia,
_c2021
300 _a338 p. ;
_c21 cm.
600 1 4 _aIriarte Méndez, Juan,
_d1955-,
_vAntologías
650 7 _2lemb
_aLiteratura Mexicana
_ySiglo XX
650 7 _2lemb
_aCuento mexicano
_ySiglo XX
650 7 _2lemb
_aAutores mexicanos
_ySiglo XX
_vAntologías
650 7 _2lemb
_aLiteratura
_xRelatos
650 7 _2lemb
_aLiteratura
_vNarrativa
942 _2lcc
_cLIB
999 _c53727
_d53727